000 00673nam a2200253Ia 4500
003 OSt
005 20220918204126.0
006 a|||||r|||| 00| 0
007 ta
008 220917b |||||||| |||| 00| 0 eng d
024 _a111,105
037 _cTextual
040 _aARTS
_cARTS
_beng
041 _2eng
_aeng
082 _aV4980aQ, L9
100 _aSharma Parmananda
_9110803
245 0 _aPeople of the prayer wheel
260 _aNew Delhi
_bAmbika Publications
_c1979
300 _a165p.
_ccm.
500 _aBibliography p155-156
650 _aHISTORY
942 _hV4980aQ, L9
_cTEXL
_2CC
999 _c234454
_d234454